000 00686nam a2200289Ia 4500
005 20260324145455.0
008 008 260324s9999 xx 000 0 eng d
020 _a9781315130200
037 _aEBOOK
040 _aCRL
040 _beng
040 _cCRL
041 _2eng
041 _aeng
084 _qCRL
100 _aRuth Fischer
_91223087
245 0 _aStalin and German Communism
245 2 _bA Study in the Origins of the State Party
260 _bTaylor and Francis
260 _c1982
365 _a
365 _b230
856 _uhttp://www.taylorfrancis.com/books/9781315130200
942 _cEBOOK
999 _c1831054
_d1831054